Application of Multivariate Statistical Delineation of Prospective Geochemical Providenskaya Area (Chukotka, Russia); IOP Conference Series: Earth and Environmental Science; Vol. 43 : Problems of Geology and Subsurface Development

Dades bibliogràfiques
Parent link:IOP Conference Series: Earth and Environmental Science
Vol. 43 : Problems of Geology and Subsurface Development.— 2016.— [012012, 6 p.]
Autor corporatiu: Национальный исследовательский Томский политехнический университет (ТПУ) Институт природных ресурсов (ИПР) Кафедра геологии и разведки полезных ископаемых (ГРПИ)
Altres autors: Kirillova M., Voroshilov V. G. Valery Gavrilovich, Yankovich A., Yankovich E. P. Elena Petrovna, Maskov A., Chernyshov A.
Sumari:Title screen
The secondary geochemical field structure was modelled on the basis of the lithogeochemical dispersion trains of the Providenskaya Area of the Chukotka Peninsula. The factor and cluster analysis were applied to interpret the nature of geochemical anomalies. It was proved that a range of anomalies were prospective for gold-silver, polymetallic, tin, and tungsten deposit allocation.
Idioma:anglès
Publicat: 2016
Col·lecció:Ore Deposits: Current Prospecting and Exploration Methods
Matèries:
Accés en línia:http://dx.doi.org/10.1088/1755-1315/43/1/012012
http://earchive.tpu.ru/handle/11683/35121
Format: MixedMaterials Electrònic Capítol de llibre
KOHA link:https://koha.lib.tpu.ru/cgi-bin/koha/opac-detail.pl?biblionumber=650807

MARC

LEADER 00000nla2a2200000 4500
001 650807
005 20240118115359.0
035 |a (RuTPU)RU\TPU\network\16056 
035 |a RU\TPU\network\16055 
090 |a 650807 
100 |a 20161021a2016 k y0engy50 ba 
101 0 |a eng 
105 |a y z 100zy 
135 |a drcn ---uucaa 
181 0 |a i  
182 0 |a b 
200 1 |a Application of Multivariate Statistical Delineation of Prospective Geochemical Providenskaya Area (Chukotka, Russia)  |f Kirillova [et al.] 
203 |a Text  |c electronic 
225 1 |a Ore Deposits: Current Prospecting and Exploration Methods 
300 |a Title screen 
320 |a [References: 10 tit.] 
330 |a The secondary geochemical field structure was modelled on the basis of the lithogeochemical dispersion trains of the Providenskaya Area of the Chukotka Peninsula. The factor and cluster analysis were applied to interpret the nature of geochemical anomalies. It was proved that a range of anomalies were prospective for gold-silver, polymetallic, tin, and tungsten deposit allocation. 
461 0 |0 (RuTPU)RU\TPU\network\2499  |t IOP Conference Series: Earth and Environmental Science 
463 0 |0 (RuTPU)RU\TPU\network\16030  |t Vol. 43 : Problems of Geology and Subsurface Development  |o XX International Scientific Symposium of Students, Postgraduates and Young Scientists, 4–8 April 2016, Tomsk, Russia  |v [012012, 6 p.]  |d 2016 
610 1 |a электронный ресурс 
610 1 |a труды учёных ТПУ 
610 1 |a геохимические поля 
610 1 |a дисперсия 
610 1 |a факторный анализ 
610 1 |a кластерный анализ 
610 1 |a геохимические аномалии 
610 1 |a золото 
610 1 |a серебро 
610 1 |a полиметаллы 
610 1 |a вольфрам 
610 1 |a Чукотский полуостров 
701 1 |a Kirillova  |g M. 
701 1 |a Voroshilov  |b V. G.  |c geologist  |c Professor of Tomsk Polytechnic University, doctor of geological-mineralogical Sciences  |f 1952-  |g Valery Gavrilovich  |3 (RuTPU)RU\TPU\pers\33266  |9 17011 
701 1 |a Yankovich  |g A. 
701 1 |a Yankovich  |b E. P.  |c Geologist  |c Senior Lecturer of Tomsk Polytechnic University  |f 1967-  |g Elena Petrovna  |3 (RuTPU)RU\TPU\pers\32215  |9 16215 
701 1 |a Maskov  |g A. 
701 1 |a Chernyshov  |b A. 
712 0 2 |a Национальный исследовательский Томский политехнический университет (ТПУ)  |b Институт природных ресурсов (ИПР)  |b Кафедра геологии и разведки полезных ископаемых (ГРПИ)  |3 (RuTPU)RU\TPU\col\18660 
801 2 |a RU  |b 63413507  |c 20170120  |g RCR 
856 4 |u http://dx.doi.org/10.1088/1755-1315/43/1/012012 
856 4 |u http://earchive.tpu.ru/handle/11683/35121 
942 |c CF